European file

Salvato in:
Dettagli Bibliografici
Natura: Periodico
Lingua:inglese
Pubblicazione: Brussels Commission of the European Communities
Tags: Aggiungi Tag
Nessun Tag, puoi essere il primo ad aggiungerne!!

MARC

LEADER 00000nas1a22000001 4500
001 s120678
005 20230810114030.2
041 0 |a eng 
044 |a BE 
245 1 0 |a European file 
264 1 |a Brussels  |b Commission of the European Communities